[Event "North American-ch U08"]
[Site "Montreal"]
[Date "2010.08.19"]
[Round "7"]
[White "Sun, Nicholas"]
[Black "Xi, Michael"]
[Result "0-1"]
[WhiteElo "696"]
[BlackElo "662"]
[PlyCount "94"]
[EventDate "2010.08.16"]
[EventType "swiss"]
[EventRounds "7"]
[EventCountry "CAN"]
[SourceTitle "EXT 2013"]
[Source "ChessBase"]
[SourceDate "2012.11.22"]
[SourceVersion "1"]
[SourceVersionDate "2012.11.22"]
[SourceQuality "1"]

1. e4 g6 2. d4 Bg7 3. Nf3 f6 4. Bd3 e6 5. Be3 Ne7 6. Nbd2 0-0 7. 0-0 Rf7 8. c3 Qf8 9. h3 h6 10. Re1 Nec6 11. d5 exd5 12. exd5 Nd8 13. Bc4 c6 14. dxc6 dxc6 15. Bxf7+ Qxf7 16. Qb3 Be6 17. c4 Qf8 18. Red1 Na6 19. Ne4 Nb4 20. Bc5 Qe8 21. Bxb4 b6 22. Qe3 Bxc4 23. Rac1 Bxa2 24. Qa3 Bf7 25. Rc2 Qxe4 26. Rcd2 Qe8 27. Qd3 Nb7 28. Re2 Qc8 29. Qa6 b5 30. Re7 Bf8 31. Rxb7 Bxb4 32. Rdd7 Bb3 33. Rg7+ Kf8 34. Rxg6 Rb8 35. Rxf6+ Ke8 36. Rxc6 Qxb7 37. Qxb7 Rxb7 38. Nd4 Bd5 39. Rxh6 Bf8 40. Rh5 Ba2 41. Nxb5 Rd7 42. Re5+ Kd8 43. Rf5 Bd6 44. Rh5 Bf4 45. Rh8+ Ke7 46. Rh7+ Bf7 47. Rh4 Rd1# 0-1

[Event "North American-ch U08"]
[Site "Montreal"]
[Date "2010.08.18"]
[Round "6"]
[White "Ponomarev, Denis"]
[Black "Sun, Nicholas"]
[Result "1-0"]
[WhiteElo "628"]
[BlackElo "696"]
[PlyCount "64"]
[EventDate "2010.08.16"]
[EventType "swiss"]
[EventRounds "7"]
[EventCountry "CAN"]
[SourceTitle "EXT 2013"]
[Source "ChessBase"]
[SourceDate "2012.11.22"]
[SourceVersion "1"]
[SourceVersionDate "2012.11.22"]
[SourceQuality "1"]

1. e4 e5 2. Bc4 Nf6 3. Nc3 Bc5 4. Na4 Be7 5. d4 a6 6. Bd5 c6 7. Bd2 cxd5 8. f3 exd4 9. Ne2 dxe4 10. Nxd4 exf3 11. gxf3 b5 12. Nc3 0-0 13. Be3 Nc6 14. Qe2 Nxd4 15. Bxd4 b4 16. Bxf6 bxc3 17. Bxe7 Re8 18. Bxd8 Rxe2+ 19. Kxe2 cxb2 20. Kd2 d5 21. Rab1 h6 22. Rhg1 Be6 23. Bc7 Rc8 24. Be5 d4 25. Rxg7+ Kf8 26. Bxd4 Bxa2 27. Rxb2 f6 28. Bxf6 Bd5 29. Ra7 Bxf3 30. Rxa6 Kf7 31. Bc3 h5 32. h4 Ke7 1-0